000 00808cam a22002411 4500
001 sa 66003803
003 DLC
005 20260227112238.0
008 880914s1964 pk a 000 0 eng
010 _asa 66003803
025 _aPL480:P-E-693
035 _a(OCoLC)18481064
040 _aDLC
_cWaU
_dDLC
042 _apremarc
050 0 0 _aL578.5
_b.A42 no. 7, S. 23
110 1 _aWest Pakistan (Pakistan).
_bBureau of Education.
245 1 0 _aEducational expenditure in West Pakistan since integrations.
260 _aLahore,
_c1964.
300 _a32 p.
_bcol. illus.
_c14 x 19 cm.
490 1 _aIts Educational statistics series,
_vno. 7 (S. 23)
650 0 _aEducation
_zPakistan
_xFinance.
810 1 _aWest Pakistan (Pakistan).
_bBureau of Education.
_tEducational statistics series,
_vno. 7 (S. 23)
999 _c69118
_d69118